LEADER 01172nam0 2200313 450 001 000020098 005 20070906091927.0 010 $a88-7140-199-9 100 $a20070612d2001----km-y0itaa50------ba 101 0 $aita 102 $aIT 200 1 $a<> mura aureliane di Roma$eatlante di un palinsesto murario$fRossana Mancini 210 $aRoma$cQuasar$d2001 215 $a239 p.$cill.$d32 cm 225 2 $aStudi e materiali dei musei e monumenti comunali di Roma 410 1$12001$aStudi e materiali dei musei e monumenti comunali di Roma 607 $aRoma$xMura 676 $a725.960945632$v(21. ed.)$9Archi di trionfo, mura, porte monumentali. Roma 700 1$aMancini,$bRossana$0443354 801 0$aIT$bUniversità della Basilicata - B.I.A.$gRICA$2unimarc 912 $a000020098 996 $aMura aureliane di Roma$986185 997 $aUNIBAS BAS $aLETTERE CAT $aSTD052$b01$c20070612$lBAS01$h1110 CAT $aMDL$b00$c20070906$lBAS01$h0916 CAT $aMDL$b00$c20070906$lBAS01$h0919 FMT Z30 -1$lBAS01$LBAS01$mBOOK$1BASA4$APolo di Matera$2GEN$BCollezione generale$3MSR-G$6105639$5L105639$820070612$f02$FPrestabile Generale LEADER 01062nam0 22002891i 450 001 RML0287184 005 20231121125733.0 010 $a3540207228 100 $a20121121d2004 ||||0itac50 ba 101 | $aeng 102 $ade 181 1$6z01$ai $bxxxe 182 1$6z01$an 200 1 $aNonparametric and semiparametric models$fWolfgang Härdle...[et al.] 210 $aBerlin [etc.] $cSpringer $d©2004 215 $aXXVII,299 p.$cgraf.$d24 cm 606 $aStatistica$xModelli matematici$2FIR$3SBLC069015$9I 676 $a519.53$9$v20 702 1$aHärdle$b, Wolfgang$3RMLV185517 801 3$aIT$bIT-01$c20121121 850 $aIT-FR0098 899 $aBiblioteca Area Giuridico Economica$bFR0098 912 $aRML0287184 950 0$aBiblioteca Area Giuridico Economica$d 53TER 519.53/14$e 53VM 0000569665 VM barcode:ECO012603. - Inventario:6632. - Fondo:Sala consultazioneVM$fA $h20050725$i20121204 977 $a 53 996 $aNonparametric and semiparametric models$9258202 997 $aUNICAS